| 000 | 00407nam a2200181Ia 4500 | ||
|---|---|---|---|
| 008 | 170918s9999 xx 000 0 und d | ||
| 020 | _a9780142414170 | ||
| 050 | _bS427 2008 | ||
| 100 | _aScott, Kieran | ||
| 245 | _aGeek magnet / | ||
| 245 | _cby Kieran Scott. | ||
| 260 | _aUSA : | ||
| 260 | _bSpeak, | ||
| 260 | _c2008 | ||
| 300 | _a308 pages : | ||
| 300 | _billustrations ; | ||
| 300 | _c21cm. | ||
| 999 |
_c344352 _d344352 |
||